Kisses from Katie : (Record no. 345465)
[ view plain ]
| 000 -LEADER | |
|---|---|
| fixed length control field | 00790nam a2200301Ia 4500 |
| 008 - FIXED-LENGTH DATA ELEMENTS--GENERAL INFORMATION | |
| fixed length control field | 171120s9999 xx 000 0 und d |
| 020 ## - INTERNATIONAL STANDARD BOOK NUMBER | |
| International Standard Book Number | 9.7814516121e+012 |
| 050 ## - LIBRARY OF CONGRESS CALL NUMBER | |
| Classification number | 362.73 |
| 050 ## - LIBRARY OF CONGRESS CALL NUMBER | |
| Item number | D262 2011 |
| 100 ## - MAIN ENTRY--PERSONAL NAME | |
| Personal name | Davis, Katie |
| 245 ## - TITLE STATEMENT | |
| Title | Kisses from Katie : |
| 245 ## - TITLE STATEMENT | |
| Remainder of title | a story of relentless love and redeption / |
| 245 ## - TITLE STATEMENT | |
| Statement of responsibility, etc | by Katie Davis and Beth Clark. |
| 260 ## - PUBLICATION, DISTRIBUTION, ETC. (IMPRINT) | |
| Place of publication, distribution, etc | New York : |
| 260 ## - PUBLICATION, DISTRIBUTION, ETC. (IMPRINT) | |
| Name of publisher, distributor, etc | Howard Books, |
| 260 ## - PUBLICATION, DISTRIBUTION, ETC. (IMPRINT) | |
| Date of publication, distribution, etc | 2011 |
| 300 ## - PHYSICAL DESCRIPTION | |
| Extent | xxi, 280 pages : |
| 300 ## - PHYSICAL DESCRIPTION | |
| Other physical details | illustrations (some colored) ; |
| 300 ## - PHYSICAL DESCRIPTION | |
| Dimensions | 21cm. |
| 650 ## - SUBJECT ADDED ENTRY--TOPICAL TERM | |
| Topical term or geographic name as entry element | Davis, Katie -- |
| 650 ## - SUBJECT ADDED ENTRY--TOPICAL TERM | |
| Topical term or geographic name as entry element | Orphans -- |
| 650 ## - SUBJECT ADDED ENTRY--TOPICAL TERM | |
| Topical term or geographic name as entry element | Orphans -- |
| 650 ## - SUBJECT ADDED ENTRY--TOPICAL TERM | |
| General subdivision | 1988- |
| 650 ## - SUBJECT ADDED ENTRY--TOPICAL TERM | |
| General subdivision | Services for -- Udanda. |
| 650 ## - SUBJECT ADDED ENTRY--TOPICAL TERM | |
| General subdivision | Uganda -- Social conditions. |
| 700 ## - ADDED ENTRY--PERSONAL NAME | |
| Personal name | Clark, Beth. |
| 700 ## - ADDED ENTRY--PERSONAL NAME | |
| Personal name | Title. |
| Withdrawn status | Lost status | Damaged status | Home library | Current library | Date acquired | Total Checkouts | Full call number | Barcode | Date last seen | Price effective from | Koha item type |
|---|---|---|---|---|---|---|---|---|---|---|---|
| Stonyhurst Southville International School (Malarayat) | Stonyhurst Southville International School (Malarayat) | 11/20/2017 | REL 362.73 D262 2011 | SSISM4509 | 11/20/2017 | 11/20/2017 | Books |